000 00547nam a2200181 i 4500
001 58698
003 ES-MaACL
005 20240518063029.0
007 t|
008 031023s1919 mx ||||1| spa d
100 1 _aQueirós, Eça de,
_d1845-1900
_994499
245 1 0 _aAnalectas /
_cJosé María Eça de Queiroz ; elección y prólogo de Alejandro Quijano.
260 _aMéxico :
_bCultura,
_c1919.
500 _aTomo IX, núm. 5.
700 1 _aQuijano, Alejandro.
_994615
852 _aES-MaACL
_j1487-F-18
999 _c58698
_d58698